| 000 | 01199cam a2200241 4500 | ||
|---|---|---|---|
| 001 | J786 | ||
| 008 | 090401t1992 xxu||||| |||| 00| 0 eng d | ||
| 035 | _a(Sirsi) u76686 | ||
| 041 | _aeng | ||
| 050 | _a692.3 | ||
| 110 |
_aNottingham Polytechnic Department of Surveying _93353 |
||
| 245 | _aPapers submitted at a conference on the future of measurement presented by the Department of Surveying, Nottingham Polytechnic, 22 April 1992. | ||
| 260 |
_aNottingham _bNottingham Polytechnic _c1992 |
||
| 300 | _a(91) leaves ; 30cm. | ||
| 350 | _a0 | ||
| 520 | _aPapers :- Measurement in the future role of the quantity surveyor/ MCDONAGH, N.H. - The identification and classification of measurement skills/ FORTUNE, C. - A practical view of the way ahead/ BURNHAM, P.J. - Education of the new measurers/ HUTCHINSON, K. - Quantities - who needs them?/ PASQUIRE, C. - Is there a future for measurement?/ ECCLES, K. - Trends in the measurement of mechanical and electrical services/ COFFEY, M & WATSON, B. | ||
| 650 | _aCONFERENCES | ||
| 650 | _aFUTURE OF MEASUREMENT | ||
| 650 | _aBUILT ENVIRONMENT-QUANTITY SURVEYING | ||
| 690 |
_aQuantity surveying _96263 |
||
| 942 | _n0 | ||
| 948 | _c04/03/1997 | ||
| 999 |
_c96229 _d96229 |
||